Morza, Zatoki i Cieśniny Swiata - Statystyki

Ogólne statystyki
  • Ten quiz został rozwiązany 432 razy
    429 od ostatniego zresetowania
  • Średni wynik to 36 z 175
Statystyki odpowiedzi
Ocean Typ Odpowiedź % Poprawnych
Ocean Atlantycki Morze Morze Bałtyckie
81%
Ocean Atlantycki Morze Morze Czarne
76%
Ocean Indyjski Morze Morze Czerwone
75%
Ocean Atlantycki Morze Morze Północne
73%
Ocean Atlantycki Morze Morze Środziemne
68%
Ocean Atlantycki Zatoka Zatoka Meksykańska
63%
Ocean Indyjski Zatoka Zatoka Perska
63%
Ocean Atlantycki Morze Morze Norweskie
62%
Ocean Spokojny Morze Morze Japońskie
59%
Ocean Spokojny Morze Morze Żółte
59%
Ocean Indyjski Zatoka Zatoka Bengalska
59%
Ocean Indyjski Morze Morze Arabskie
58%
Ocean Atlantycki Morze Morze Karaibskie
58%
Ocean Spokojny Morze Morze Południowochińskie
57%
Ocean Spokojny Morze Morze Beringa
55%
Ocean Arktyczny Morze Morze Białe
54%
Ocean Atlantycki Morze Morze Adriatyckie
52%
Ocean Atlantycki Morze Morze Egejskie
52%
Ocean Arktyczny Zatoka Zatoka Hudsona
52%
Ocean Spokojny Morze Morze Wschodniochińskie
51%
Ocean Spokojny Morze Morze Koralowe
48%
Ocean Spokojny Morze Morze Ochockie
48%
Ocean Atlantycki Zatoka Zatoka Gwinejska
46%
Ocean Arktyczny Morze Morze Barentsa
44%
Ocean Atlantycki Cieśnina Cieśnina Gibraltarska
43%
Ocean Indyjski Morze Morze Tasmana
43%
Ocean Arktyczny Morze Morze Baffina
42%
Ocean Atlantycki Morze Morze Jońskie
42%
Spokojny/Atlantycki Cieśnina Cieśnina Magellana
41%
Ocean Atlantycki Morze Morze Sargassowe
41%
Ocean Spokojny Zatoka Zatoka Alaska
40%
Ocean Atlantycki Zatoka Zatoka Fińska
40%
Ocean Atlantycki Cieśnina Cieśnina Bosfor
38%
Ocean Indyjski Zatoka Zatoka Adeńska
38%
Ocean Atlantycki Zatoka Zatoka Biskajska
38%
Ocean Atlantycki Zatoka Zatoka Botnicka
37%
Ocean Spokojny Zatoka Zatoka Kalifornijska
37%
Ocean Arktyczny Morze Morze Karskie
36%
Ocean Arktyczny Morze Morze Beauforta
35%
Ocean Atlantycki Morze Morze Tyrreńskie
35%
Ocean Arktyczny Morze Morze Wschodniosyberyjskie
35%
Ocean Spokojny Morze Morze Filipińskie
34%
Ocean Spokojny Cieśnina Cieśnina Beringa
33%
Ocean Atlantycki Kanał Kanał La Manche
33%
Ocean Indyjski Zatoka Wielka Zatoka Australijska
33%
Ocean Atlantycki Morze Morze Azowskie
32%
Ocean Atlantycki Morze Morze Marmara
32%
Ocean Spokojny Morze Morze Jawajskie
31%
Ocean Atlantycki Morze Morze Irlandzkie
30%
Atlantycki/Indyjski Kanał Kanał Sueski
29%
Ocean Arktyczny Morze Morze Grenlandzkie
29%
Ocean Arktyczny Morze Morze Czukockie
27%
Ocean Indyjski Morze Morze Timor
27%
Ocean Spokojny Zatoka Zatoka Tajlandzka
27%
Spokojny/Atlantycki Kanał Kanał Panamski
26%
Ocean Arktyczny Morze Morze Łaptiewów
26%
Ocean Spokojny Morze Morze Banda
25%
Ocean Spokojny Morze Morze Celebes
25%
Ocean Atlantycki Morze Morze Labradorskie
25%
Ocean Atlantycki Cieśnina Cieśnina Dardanele
24%
Ocean Poludniowy Cieśnina Cieśnina Drake'a
24%
Ocean Arktyczny Cieśnina Cieśnina Duńska
24%
Ocean Spokojny Morze Morze Arafura
24%
Ocean Atlantycki Zatoka Zatoka Gdanska
24%
Ocean Atlantycki Zatoka Zatoka Ryska
24%
Ocean Indyjski Morze Morze Andamańskie
23%
Indyjski/Spokojny Cieśnina Cieśnina Malakka
22%
Indyjski/Spokojny Cieśnina Cieśnina Bassa
21%
Ocean Indyjski Cieśnina Kanał Mozambicki
21%
Ocean Atlantycki Morze Morze Celtyckie
21%
Ocean Spokojny Morze Morze Fidżi
21%
Ocean Atlantycki Morze Morze Liguryjskie
21%
Ocean Poludniowy Morze Morze Weddella
21%
Ocean Spokojny Morze Morze Sulu
19%
Ocean Spokojny Zatoka Zatoka Karpentaria
19%
Ocean Indyjski Zatoka Zatoka Omańska
19%
Ocean Atlantycki Cieśnina Cieśnina Davisa
18%
Ocean Atlantycki Morze Morze Rossa
18%
Ocean Atlantycki Cieśnina Cieśnina Hudsona
17%
Ocean Indyjski Cieśnina Cieśnina Ormuz / Ormuz
16%
Ocean Atlantycki Morze Morze Balearskie
16%
Ocean Spokojny Morze Morze Salomona
16%
Ocean Atlantycki Zatoka Zatoka Lwia
16%
Ocean Spokojny Zatoka Zatoka Panamska
16%
Ocean Indyjski Cieśnina Cieśnina Bab al Mandab
14%
Ocean Atlantycki Cieśnina Cieśnina Kaletanska
14%
Ocean Spokojny Morze Morze Bismarcka / Morze Nowogwinejskie
14%
Ocean Spokojny Morze Morze Flores
14%
Ocean Atlantyck Zatoka Zatoka św. Wawrzyńca
14%
Ocean Spokojny Cieśnina Cieśnina Cooka
13%
Ocean Spokojny Cieśnina Cieśnina Torresa
13%
Ocean Atlantycki Morze Morze Alborańskie
13%
Ocean Spokojny Cieśnina Cieśnina Tajwańska
11%
Ocean Poludniowy Morze Morze Amundsena
11%
Ocean Atlantycki Zatoka Zatoka Pucka
11%
Ocean Atlantycki Cieśnina Cieśnina Florydzka
10%
Ocean Spokojny Cieśnina Cieśnina Koreańska
10%
Ocean Spokojny Morze Morze Moluckie
10%
Ocean Atlantycki Morze Morze Szkockie
10%
Ocean Indyjski Zatoka Zatoka Sueska
10%
Ocean Spokojny Zatoka Zatoka Tonkińska
10%
Ocean Arktyczny Cieśnina Cieśnina Karskie Wrota / Karskie Wrota
9%
Ocean Atlantycki Cieśnina Cieśnina Mesyńska
9%
Ocean Atlantycki Morze Morze Hebrydzkie
9%
Ocean Indyjski Morze Morze Lakkadiwskie
9%
Ocean Arktyczny Morze Morze Lincolna
9%
Ocean Indyjski Zatoka Zatoka Akaba
9%
Ocean Atlantycki Cieśnina Cieśnina Jukatańska
8%
Ocean Atlantycki Cieśnina Cieśnina Sycylijska
8%
Ocean Atlantycki Cieśnina Kanał św. Jerzego
8%
Ocean Atlantycki Morze Morze Trackie
8%
Ocean Atlantycki Zatoka Wielka Syrta
8%
Ocean Spokojny Zatoka Zatoka Koreańska
8%
Ocean Atlantycki Zatoka Mała Syrta
7%
Ocean Spokojny Morze Morze Sawu
7%
Ocean Atlantycki Cieśnina Cieśnina Kerczeńska
6%
Ocean Spokojny Cieśnina Cieśnina Makasarska
6%
Ocean Atlantycki Cieśnina Cieśnina Otranto
6%
Ocean Indyjski Cieśnina Cieśnina Palk
6%
Ocean Spokojny Cieśnina Cieśnina Singapurska
6%
Ocean Spokojny Cieśnina Cieśnina Tatarska
6%
Ocean Atlantycki Morze Morze Alandzkie
6%
Ocean Poludniowy Morze Morze Bellingshausena
6%
Ocean Arktyczny Morze Morze Peczorskie
6%
Ocean Południowy Morze Morze Scotia
6%
Ocean Spokojny Morze Morze Seram
6%
Ocean Atlantycki Zatoka Zatoka Wenecka
6%
Ocean Atlantycki Zatoka Zatoka Wenezuelska
6%
Ocean Atlantycki Cieśnina Cieśnina Cabota
5%
Ocean Atlantycki Cieśnina Cieśnina Maltańska
5%
Ocean Atlantycki Cieśnina Cieśnina św. Bonifacego
5%
Ocean Atlantycki Cieśnina Kanał Północny
5%
Ocean Atlantycki Morze Morze Archipelagowe
5%
Ocean Spokojny Morze Morze Balijskie / Morze Bali
5%
Ocean Spokojny Morze Morze Halmahera
5%
Ocean Poludniowy Morze Morze Kosmonautów
5%
Ocean Atlantycki Morze Morze Sycylijskie
5%
Ocean Atlantycki Morze Morze Wattowe
5%
Ocean Poludniowy Morze Morze Wspólnoty
5%
Ocean Atlantycki Zatoka Zatoka Honduraska
5%
Ocean Spokojny Cieśnina Cieśnina Hajnanska
4%
Ocean Poludniowy Morze Morze Łazariewa
4%
Ocean Atlantycki Morze Morze Mirtejskie
4%
Ocean Spokojny Morze Morze Wewnętrzne
4%
Ocean Spokojny Zatoka Zatoka Szelichowa
4%
Ocean Spokojny Cieśnina Cieśnina La Perouse'a
3%
Ocean Arktyczny Cieśnina Cieśnina Łaptiewa
3%
Ocean Atlantycki Cieśnina Cieśnina Smoka
3%
Ocean Atlantycki Cieśnina Cieśnina Węża
3%
Ocean Atlantycki Zatoka Kanał Bristolski
3%
Ocean Atlantycki Cieśnina Kanał Jamajski
3%
Ocean Atlantycki Kanał Kanał Koryncki
3%
Ocean Spokojny Morze Morze Chilijskie
3%
Ocean Spokojny Morze Morze Mindanao
3%
Ocean Atlantycki Morze Morze Sardynii
3%
Ocean Spokojny Zatoka Zatoka Bone
3%
Ocean Atlantycki Zatoka Zatoka Campeche
3%
Ocean Atlantycki Zatoka Zatoka Dublińska
3%
Ocean Spokojny Zatoka Zatoka Tomini
3%
Ocean Atlantycki Cieśnina Cieśnina Sardynii
2%
Indyjski/Spokojny Cieśnina Cieśnina Sundajska
2%
Ocean Atlantycki Cieśnina Cieśnina Wiatrów
2%
Ocean Spokojny Morze Morze Koro
2%
Ocean Atlantycki Morze Morze Lewantyńskie
2%
Ocean Atlantycki Morze Morze Libijskie
2%
Ocean Poludniowy Morze Morze Mausona
2%
Ocean Arktyczny Morze Morze Wandela
2%
Ocan Atlantycki Zatoka Zatoka Pucka wewnętrzna
2%
Ocean Atlantycki Cieśnina Cieśnina Mona
1%
Ocean Spokojny Cieśnina Cieśnina Tsugaru
1%
Ocean Atlantycki Morze Morze Kretańskie
1%
Ocean Spokojny Zatoka Zatoka Pohaj
1%
Ocean Atlantycki Zatoka Zatoka Taganroka
1%
Ocean Atlantycki Zatoka Zatoka Genuańska
0%
Ocean Atlantycki Zatoka Zatoka Jahorłycka
0%
Nie znaleziono quizów pasujących do podanych kryteriów
Rozkład punktacji
Procent ludzi z każdym wynikiem
Percentyl według liczby udzielonych odpowiedzi
Twoja historia wyników
Nie rozwiązałeś tego quizu od ostatniego zresetowania